000 002970000a22000970004500
100 1 _aTreier, Daniel J.
245 1 0 _aThe fulfillment of Joel 2:28-32 : A multiple-lens approach
300 _aVol. 40, Num. 1 (Marzo, 1997), Páginas 13-26
773 0 _tJournal of the Theological Society
942 _cANA
999 _c54533
_d54533